[Event "Kaspersky op U16"]
[Site "Tornelo INT"]
[Date "2021.04.02"]
[Round "6"]
[White "Pidluznij, Gleb"]
[Black "Vaval, Aaditi"]
[Result "1/2-1/2"]
[WhiteElo "2044"]
[BlackElo "1844"]
[PlyCount "145"]
[EventDate "2021.04.02"]
[EventType "swiss (blitz)"]
[EventRounds "11"]
[EventCountry "RUS"]
[SourceTitle "CBM 201 Extra"]
[Source "ChessBase"]
[SourceDate "2021.05.31"]
[SourceVersion "1"]
[SourceVersionDate "2021.05.31"]
[SourceQuality "1"]

1. d4 d5 2. c4 e6 3. g3 Nf6 4. Bg2 c5 5. cxd5 exd5 6. Nf3 Nc6 7. 0-0 Be7 8. dxc5 Bxc5 9. Nc3 0-0 10. Bg5 d4 11. Bxf6 Qxf6 12. Ne4 Qe7 13. Nxc5 Qxc5 14. Qd2 Bf5 15. Rfd1 Rad8 16. Rac1 Qb6 17. b3 Rfe8 18. Qf4 Bg6 19. Rd2 d3 20. exd3 Rxd3 21. h4 Rxd2 22. Qxd2 h6 23. Re1 Rxe1+ 24. Qxe1 Qd8 25. Qd2 Qxd2 26. Nxd2 Kf8 27. Bxc6 bxc6 28. Kf1 Ke7 29. Ke2 Kd6 30. Nc4+ Kc5 31. Ne5 Bb1 32. a3 f6 33. Ng4 Bc2 34. b4+ Kb5 35. Kd2 Bg6 36. Kc3 Bf7 37. Ne3 Be6 38. Nc2 c5 39. a4+ Kc6 40. Ne3 cxb4+ 41. Kxb4 Kb6 42. f4 a5+ 43. Kc3 Kc5 44. Nc2 Bd7 45. Nd4 g5 46. hxg5 hxg5 47. fxg5 fxg5 48. Nf3 g4 49. Ne5 Be6 50. Nd3+ Kb6 51. Kd4 Bd7 52. Nc5 Bf5 53. Kc4 Bc2 54. Kd4 Bd1 55. Nd7+ Kc6 56. Ne5+ Kd6 57. Nc4+ Ke6 58. Nb2 Bb3 59. Kc5 Ke5 60. Kb5 Ke4 61. Kxa5 Kf3 62. Kb4 Bxa4 63. Kxa4 Kxg3 64. Nd3 Kh2 65. Kb3 g3 66. Nf4 Kg1 67. Kc3 Kf2 68. Kd3 Kf3 69. Ne2 g2 70. Kd2 Kf2 71. Kd3 Kf1 72. Ke3 g1Q+ 73. Nxg1 1/2-1/2

[Event "Litomysl op 20th"]
[Site "Litomysl"]
[Date "2019.12.30"]
[Round "7"]
[White "Jedlicka, Ales"]
[Black "Vaval, Aaditi"]
[Result "1-0"]
[WhiteElo "2248"]
[BlackElo "1773"]
[PlyCount "81"]
[EventDate "2019.12.26"]
[EventType "swiss"]
[EventRounds "9"]
[EventCountry "CZE"]
[SourceTitle "CBM 194 Extra"]
[Source "ChessBase"]
[SourceDate "2020.03.31"]
[SourceVersion "1"]
[SourceVersionDate "2020.03.31"]
[SourceQuality "1"]

1. d4 d5 2. c4 e6 3. Nf3 c5 4. cxd5 exd5 5. Nc3 Nc6 6. g3 Nf6 7. Bg2 Be7 8. 0-0 0-0 9. dxc5 Bxc5 10. Bg5 d4 11. Ne4 Be7 12. Nxf6+ Bxf6 13. Bxf6 Qxf6 14. b4 d3 15. Qxd3 Nxb4 16. Qd4 Qe7 17. Qe5 Qxe5 18. Nxe5 Re8 19. f4 f6 20. a3 Nc2 21. Bd5+ Kf8 22. Rab1 Ne3 23. Bxb7 Bxb7 24. Nd7+ Kg8 25. Rxb7 Nxf1 26. Kxf1 Kh8 27. Nc5 a5 28. e4 Kg8 29. Kf2 Reb8 30. Rd7 Rd8 31. Rb7 Rd6 32. f5 Rd2+ 33. Kf3 Rxh2 34. Ne6 g5 35. e5 Ra2 36. exf6 Rxa3+ 37. Kg4 h5+ 38. Kxh5 Rxg3 39. Kg6 a4 40. Rg7+ Kh8 41. Rh7+ 1-0